000 00571nam a2200217Ia 4500
003 OSt
005 20221005120716.0
006 a|||||r|||| 00| 0
007 ta
008 221004b |||||||| |||| 00| 0 eng d
024 _a122764
037 _cTextual
040 _aCRL
_cCRL
_beng
041 _2eng
_aeng
082 _aR85xM, 152N2
100 _aChakrvartti Satinath
_9629550
245 0 _aEurope mei darshanshastr
_b baken se marks tak
260 _c1992
942 _hR85xM, 152N2
_cTEXL
_2cc
999 _c1038897
_d1038897